00265cam a22000857a 4500008004000000245007200040260004100112300000900153700001700162180718b1998 xxu||||| |||| 00| 0 eng d aGaytri sadhna ke pratyaksh chamtkar (Hindi)cedited by Brahmvarchas aMathurabAkhand Jyoti Sansthanc1998 av.p. aBrahmvarchas